000 00960nac a22002171u 4500
008 100907t xxu||||| |||| 00| 0 eng d
010 _a 00036315
020 _a0582381096
020 _a9780582381094
082 0 0 _a624.15136
_bWHI
100 _aWhitlow, R.
_918482
245 1 0 _aBasic Soil Mechanics /
_cRoy Whitlow.
250 _a4th ed.
260 _aHarlow, England ;
_aNew York :
_bPearson Prentice Hall,
_cc2001.
300 _axix, 571 p. :
_bill. ;
_c23 cm. +
_e1 CD-ROM (4 3/4 in.)
504 _aIncludes bibliographical references and index.
650 0 _aSoil mechanics.
_918483
942 _cBB
_k624.15136WHI
_2ddc
999 _c2438
_d2438